000 00458nam a2200145 i 4500
001 57723
003 ES-MaACL
005 20230906163630.0
007 t|
008 031017s1918 cu ||||1| spa d
100 1 _aDomínguez Roldan, Guillermo.
_945245
245 1 3 _aLa reforma constitucional y el cambio del régimen
_b: conferencia /
_cGuillermo Domínguez Roldan.
260 _aHabana :
_b[s.n.,
_c1918] (
_fImp. El Siglo XX)
852 _aES-MaACL
_j1613-F-17
999 _c57723
_d57723